| 000 | 00642cam a2200169 i 4500 | ||
|---|---|---|---|
| 005 | 20251215104328.0 | ||
| 008 | 250721s9999 ua gr 000 0 ara d | ||
| 082 | 1 | 4 |
_a216.61 _bن د و |
| 111 | 2 |
_aفلسفة التشريع الإسلامي _n1 : _d19 ديسمبر 1985 : _cالرباط. |
|
| 245 | 1 | 0 |
_aفلسفة التشريع الإسلامي / _cمحمد العربي الخطابي. |
| 264 | 3 | 1 |
_aالقاهرة : _bشركة القدس للنشر والتوزيع, _c[2009]. |
| 300 | _a194 صفحة. | ||
| 650 | 1 | 7 | _aالاسلام. |
| 650 | 1 | 7 | _aالشريعة الاسلامية. |
| 942 |
_2ddc _cBK |
||
| 999 |
_c130899 _d130899 |
||